Normal view MARC view
  • Tobacco farmers

Entry Topical Term

Number of records used in: 1

001 - CONTROL NUMBER

  • control field: 153598

003 - CONTROL NUMBER IDENTIFIER

  • control field: TR-AnTOB

005 - DATE AND TIME OF LATEST TRANSACTION

  • control field: 20260413141138.0

008 - FIXED-LENGTH DATA ELEMENTS

  • fixed length control field: 260413n|eazannbab| |n aaa d

010 ## - LIBRARY OF CONGRESS CONTROL NUMBER

  • LC control number: sh2010116572

035 ## - SYSTEM CONTROL NUMBER

  • System control number: (DLC)484463

035 ## - SYSTEM CONTROL NUMBER

  • System control number: (TR-AnTOB)153598

040 ## - CATALOGING SOURCE

  • Original cataloging agency: DLC
  • Language of cataloging: eng
  • Transcribing agency: DLC
  • Modifying agency: TR-AnTOB

150 ## - HEADING--TOPICAL TERM

  • Topical term or geographic name entry element: Tobacco farmers
  • Form subdivision: Fiction

450 ## - SEE FROM TRACING--TOPICAL TERM

  • Topical term or geographic name entry element: Tütün çiftçileri
  • Form subdivision: Roman

670 ## - SOURCE DATA FOUND

  • Source citation: Work cat.: The possum hunters;, [c1920]

688 ## - APPLICATION HISTORY NOTE

  • Institution to which field applies: TR-AnTOB
  • Application history note: Op 13.04.2026

750 ## - ESTABLISHED HEADING LINKING ENTRY--TOPICAL TERM

  • Authority record control number or standard number: https://lccn.loc.gov/sh2010116572
  • Source of heading or term: lcsh
Devinim Yazılım Eğitim Danışmanlık tarafından Koha'nın orjinal sürümü uyarlanarak geliştirilip kurulmuştur.